Statistiques concernant Les participants de Z Event 2022

Cliquez ici pour prendre le quiz!

Statistiques générales

  • Ce quiz a été pris 172 fois
  • Le résultat moyen est 19 sur 54

Statistiques - réponses

Participants% Correct
ZeratoR
90%
Antoine Daniel
74%
Ultia
68%
Mister MV
67%
Etoiles
66%
Ponce
66%
Domingo
65%
Baghera Jones
59%
Doigby
59%
Horty
55%
Xari
54%
Jiraya
53%
LittleBigWhale
53%
Rivenzi
53%
AngleDroit
52%
MoMaN
50%
Mynthos
49%
Jeel
45%
DrFeelgood
38%
Gom4rt
38%
AlphaCast
36%
DamDamLive
36%
Kenny
34%
Avamind
33%
Bob Lennon
32%
LeBouseuh
32%
Tonton
32%
Gius
30%
Jean Massiet
30%
PapeSan
30%
Trinity
30%
BigfloEtOliLive
29%
chowh1
29%
Lapi
28%
TPK
28%
Jbzz
27%
Chap
24%
Skyyart
24%
GoBGG
20%
Alexclick
19%
CarlJr
18%
Bren
17%
SkyRRoZ
17%
Shisheyu
16%
Altair
15%
Lege
15%
Shaunz
15%
Berlu
14%
BlitzStream
14%
CaMaK
14%
ImSoFresh
9%
Un33D
8%
Ceb
5%
NBK
5%

Distribution des résultats

Percentile par nombre de réponses

% des personnes avec chaque résultat

Votre développement - résultats

Vous n’avez pas pris ce quiz